| 000 | 00664npc a2200217Ia 4500 | ||
|---|---|---|---|
| 001 | db7-2007 [d000002110] | ||
| 003 | IT-MiCISF | ||
| 008 | 161014s9999||||xx | und|| | ||
| 040 |
_aIT-MiCISF _cIT-MiCISF |
||
| 041 | _ait | ||
| 100 | _aCinĂ Giuseppe | ||
| 245 | 0 |
_aBioetica quale antropologia? _bAtti del convegno di studio, Roma, 2 maggio 1994 |
|
| 250 | _a1a ed. | ||
| 260 |
_a Roma _bCamillianum _c1994 |
||
| 300 | _app. 79 | ||
| 500 | _aBausola A., Grech P., Cipriani N., Puca A. / bioetica, antropologia, filosofia, bibbia, patristica, embrione / | ||
| 650 | _abioetica | ||
| 700 | _aAA.VV. | ||
| 942 | _cDD | ||
| 957 | _71 | ||
| 999 |
_a2007 _bsi _g1 _c208366 _d208366 |
||